[Event "CAN-ch Universities"]
[Site "Toronto CAN"]
[Date "2026.01.17"]
[Round "3.2"]
[White "Noritsyn, Sergey"]
[Black "Genzling, Jerome"]
[Result "1-0"]
[WhiteElo "2268"]
[BlackElo "2040"]
[WhiteFideId "-1"]
[BlackFideId "-1"]
[PlyCount "87"]
[GameId "2267411663417344"]
[EventDate "2026.01.17"]
[EventType "team-swiss"]
[EventRounds "5"]
[EventCountry "CAN"]
[WhiteTeam "University of Toronto - Team A"]
[BlackTeam "McGill University - Team A"]

1. Nf3 d5 2. d4 e6 3. g3 Nf6 4. Bg2 b6 5. O-O Bb7 6. c4 dxc4 7. Qa4+ Nbd7 8. Ne5 Bxg2 9. Kxg2 Bd6 10. Nxc4 O-O 11. Nc3 Be7 12. e4 c5 13. d5 exd5 14. exd5 Re8 15. d6 Bf8 16. Qc6 a6 17. a4 Rb8 18. Bf4 Qc8 19. Qf3 Qb7 20. Qxb7 Rxb7 21. Kf3 b5 22. axb5 axb5 23. Ne3 h6 24. g4 Ne5+ 25. Bxe5 Rxe5 26. Ra6 b4 27. Na4 Nd7 28. Rd1 h5 29. h3 hxg4+ 30. hxg4 g6 31. Nc4 Re6 32. Rc6 Bxd6 33. Rcxd6 Ne5+ 34. Nxe5 Rxe5 35. Nb6 Rbe7 36. Nd7 R5e6 37. Nf6+ Kg7 38. g5 Rxd6 39. Rxd6 Re5 40. Kg4 Kf8 41. f4 Rf5 42. Nd5 Ke8 43. Ne3 Ke7 44. Ra6 1-0

[Event "CAN-ch Universities"]
[Site "Toronto CAN"]
[Date "2026.01.17"]
[Round "3.3"]
[White "Huang, Qiuyu"]
[Black "Mao, Fengxi"]
[Result "0-1"]
[WhiteElo "2045"]
[BlackElo "2213"]
[WhiteFideId "-1"]
[BlackFideId "-1"]
[PlyCount "80"]
[GameId "2267411663429632"]
[EventDate "2026.01.17"]
[EventType "team-swiss"]
[EventRounds "5"]
[EventCountry "CAN"]
[WhiteTeam "McGill University - Team A"]
[BlackTeam "University of Toronto - Team A"]

1. e4 c5 2. Nf3 Nc6 3. d4 cxd4 4. Nxd4 g6 5. Nc3 Bg7 6. Be3 Nf6 7. Bc4 O-O 8. Bb3 Re8 9. f3 d5 10. exd5 Nb4 11. O-O Nbxd5 12. Nxd5 Nxd5 13. Bf2 Nc7 14. f4 Qd6 15. c3 b6 16. Qf3 Ba6 17. Rfd1 Qf6 18. Nc6 Ne6 19. Nb4 Nc5 20. Bd5 Rad8 21. Bd4 e5 22. Bxe5 Qf5 23. Bc6 Rxd1+ 24. Rxd1 Rf8 25. Bd6 Rd8 26. g4 Qe6 27. Bd5 Be2 28. Qg3 Qxg4 29. Rd2 Rxd6 30. Bxf7+ Kxf7 31. Rxd6 Qf5 32. Qe3 Qb1+ 33. Kg2 Qf1+ 34. Kg3 Ne4+ 35. Qxe4 Qg1+ 36. Qg2 Qe3+ 37. Kh4 Qxf4+ 38. Kh3 Bf1 39. Rd7+ Kg8 40. Rd8+ Bf8 0-1

[Event "CAN-ch Universities"]
[Site "Toronto CAN"]
[Date "2026.01.17"]
[Round "3.4"]
[White "Rusonik, Max"]
[Black "Wu, Tony (Dongze)"]
[Result "1-0"]
[WhiteElo "2219"]
[BlackElo "2018"]
[WhiteFideId "-1"]
[BlackFideId "-1"]
[PlyCount "57"]
[GameId "2267411663437824"]
[EventDate "2026.01.17"]
[EventType "team-swiss"]
[EventRounds "5"]
[EventCountry "CAN"]
[WhiteTeam "University of Toronto - Team A"]
[BlackTeam "McGill University - Team A"]

1. e4 e5 2. Nf3 d6 3. d4 Nd7 4. Nc3 c6 5. Bc4 Be7 6. dxe5 dxe5 7. Ng5 Bxg5 8. Qh5 g6 9. Qxg5 Qxg5 10. Bxg5 b5 11. Be2 Nc5 12. O-O-O Bd7 13. Be3 Nb7 14. f4 exf4 15. Bxf4 O-O-O 16. Rhf1 f6 17. Bg3 Be6 18. b4 a5 19. bxa5 Nxa5 20. a4 Bc4 21. Bg4+ f5 22. Rxd8+ Kxd8 23. Rd1+ Ke7 24. Bh4+ Kf7 25. exf5 Nf6 26. Bf3 gxf5 27. Rd6 Ne4 28. Nxe4 fxe4 29. Bh5+ 1-0

[Event "CAN-ch Universities"]
[Site "Toronto CAN"]
[Date "2026.01.17"]
[Round "3.5"]
[White "Lai, Duc Minh"]
[Black "Huang, Youhe"]
[Result "1/2-1/2"]
[WhiteElo "2126"]
[BlackElo "2079"]
[WhiteFideId "-1"]
[BlackFideId "-1"]
[PlyCount "193"]
[GameId "2267411663446016"]
[EventDate "2026.01.17"]
[EventType "team-swiss"]
[EventRounds "5"]
[EventCountry "CAN"]
[WhiteTeam "University of Toronto - Team B"]
[BlackTeam "University of Waterloo - Team A"]

1. d4 Nf6 2. Nf3 e6 3. c4 Bb4+ 4. Nbd2 O-O 5. a3 Bxd2+ 6. Bxd2 b6 7. e3 c5 8. dxc5 bxc5 9. Bd3 d5 10. O-O Ba6 11. Qc2 Nbd7 12. cxd5 c4 13. Be2 exd5 14. Rfd1 Nc5 15. Bb4 Qb6 16. Nd4 Rfe8 17. Bxc5 Qxc5 18. b4 Qb6 19. Bf3 Bc8 20. Ne2 a5 21. Nc3 axb4 22. Nxd5 Nxd5 23. Bxd5 Rxa3 24. Qxc4 Be6 25. Bxe6 fxe6 26. Rab1 Rb8 27. Rd7 Ra7 28. Rxa7 Qxa7 29. Qxe6+ Qf7 30. Qd6 Qf8 31. Qxf8+ Kxf8 32. Kf1 Ke7 33. Ke2 Kd6 34. Kd3 Kc5 35. Kc2 Rf8 36. f3 Ra8 37. Kb2 Ra3 38. Rc1+ Kb5 39. Re1 Kc4 40. Rc1+ Kb5 41. Rc7 Rxe3 42. Rxg7 Re2+ 43. Kb3 Re3+ 44. Kc2 Rc3+ 45. Kd2 Ka4 46. Rxh7 Kb3 47. Rg7 Kb2 48. Rb7 b3 49. Ke2 Rc2+ 50. Kf1 Kc3 51. h4 b2 52. g4 Kd4 53. h5 Rc1+ 54. Kg2 b1=Q 55. Rxb1 Rxb1 56. Kg3 Ke5 57. h6 Kf6 58. f4 Kg6 59. g5 Kf5 60. Kf3 Rf1+ 61. Kg3 Rg1+ 62. Kh2 Ra1 63. Kg3 Ra3+ 64. Kg2 Rc3 65. Kf2 Kg6 66. Kg2 Rd3 67. Kh2 Kf5 68. Kg2 Rb3 69. Kf2 Rh3 70. Kg2 Rh4 71. Kg3 Rh5 72. Kf3 Rh4 73. Kg3 Rg4+ 74. Kh3 Rg1 75. Kh2 Rc1 76. Kg2 Rc3 77. Kf2 Kg6 78. Kg2 Kh5 79. Kf2 Rh3 80. Kg2 Rh4 81. Kg3 Rg4+ 82. Kf3 Rh4 83. Kg3 Rh1 84. Kg2 Ra1 85. Kf2 Ra3 86. Kg2 Kg6 87. Kf2 Kf5 88. Kg2 Rb3 89. Kf2 Rh3 90. Kg2 Rh5 91. Kg3 Ke4 92. Kg4 Rh1 93. Kg3 Kf5 94. Kg2 Rb1 95. Kf2 Rb4 96. Kg3 Rb3+ 97. Kg2 1/2-1/2

[Event "CAN-ch Universities"]
[Site "Toronto CAN"]
[Date "2026.01.17"]
[Round "3.6"]
[White "Lalonde, Olivier"]
[Black "Zhang, Samuel"]
[Result "1/2-1/2"]
[WhiteElo "2095"]
[BlackElo "2115"]
[WhiteFideId "-1"]
[BlackFideId "-1"]
[PlyCount "125"]
[GameId "2267411663454208"]
[EventDate "2026.01.17"]
[EventType "team-swiss"]
[EventRounds "5"]
[EventCountry "CAN"]
[WhiteTeam "University of Waterloo - Team A"]
[BlackTeam "University of Toronto - Team B"]

1. e4 c5 2. Nf3 d6 3. d4 cxd4 4. Nxd4 Nf6 5. Nc3 a6 6. Be2 e5 7. Nb3 Be7 8. Bg5 Be6 9. Bxf6 Bxf6 10. Qd3 O-O 11. Rd1 Be7 12. Nd5 Bxd5 13. Qxd5 Qc7 14. Nd2 Nc6 15. c3 Rad8 16. a4 Bg5 17. Nc4 Ne7 18. Qa5 Qc6 19. O-O Qxe4 20. Rfe1 Qc6 21. Nxe5 Qe8 22. Nd3 Bf6 23. Bf3 Rd7 24. Nf4 Qd8 25. Qxd8 Rfxd8 26. Nh5 Bg5 27. Bg4 f5 28. Be2 d5 29. Rd3 Kf7 30. Red1 g6 31. Ng3 Bf6 32. Bf3 b5 33. axb5 axb5 34. Ne2 Be5 35. Nd4 Kf6 36. Nxb5 g5 37. c4 g4 38. Bxd5 Nxd5 39. Rxd5 Rxd5 40. cxd5 Rb8 41. Na7 Bd6 42. g3 Rxb2 43. Nc8 Bc7 44. Re1 Rd2 45. Re6+ Kg5 46. Rc6 Ba5 47. Nd6 Rd1+ 48. Kg2 f4 49. Nf7+ Kf5 50. Nh6+ Kg5 51. gxf4+ Kxf4 52. d6 Kg5 53. Nxg4 Kxg4 54. Rc4+ Kf5 55. Rc5+ Kf6 56. Rxa5 Rxd6 57. f4 Rd3 58. Rg5 Ra3 59. Rg3 Ra2+ 60. Kh3 Kf5 61. Rg7 Kxf4 62. Rxh7 Kg5 63. Rb7 1/2-1/2

[Event "CAN-ch Universities"]
[Site "Toronto CAN"]
[Date "2026.01.17"]
[Round "3.7"]
[White "Woltery, Nicolai"]
[Black "Huang, Patrick"]
[Result "0-1"]
[WhiteElo "2128"]
[BlackElo "2026"]
[WhiteFideId "-1"]
[BlackFideId "-1"]
[PlyCount "62"]
[GameId "2267411663470592"]
[EventDate "2026.01.17"]
[EventType "team-swiss"]
[EventRounds "5"]
[EventCountry "CAN"]
[WhiteTeam "University of Toronto - Team B"]
[BlackTeam "University of Waterloo - Team A"]

1. c4 b6 2. Nc3 Bb7 3. e4 e5 4. g3 Nc6 5. Bg2 Bc5 6. Nge2 Nge7 7. O-O O-O 8. a3 a5 9. Rb1 d6 10. Nd5 Nd4 11. Nec3 Ne6 12. d3 Kh8 13. Kh1 f5 14. f4 exf4 15. gxf4 Bd4 16. Ne2 c6 17. Ndc3 Rf6 18. Nxd4 Nxd4 19. Be3 c5 20. Ne2 Nxe2 21. Qxe2 Ng6 22. Qe1 Qe7 23. Bd2 Re6 24. Qf2 Nh4 25. Rg1 fxe4 26. Bc3 Nxg2 27. Rxg2 exd3 28. Rbg1 Rg6 29. f5 Rxg2 30. Rxg2 Qg5 31. f6 Qxg2+ 0-1

[Event "CAN-ch Universities"]
[Site "Toronto CAN"]
[Date "2026.01.17"]
[Round "3.8"]
[White "Fayzan, Momin"]
[Black "England, Max"]
[Result "0-1"]
[WhiteElo "2119"]
[BlackElo "2201"]
[WhiteFideId "-1"]
[BlackFideId "-1"]
[PlyCount "152"]
[GameId "2267411663470592"]
[EventDate "2026.01.17"]
[EventType "team-swiss"]
[EventRounds "5"]
[EventCountry "CAN"]
[WhiteTeam "University of Waterloo - Team A"]
[BlackTeam "University of Toronto - Team B"]

1. e4 c6 2. Nf3 d5 3. Nc3 Bg4 4. h3 Bxf3 5. Qxf3 e6 6. Be2 Bc5 7. O-O Nd7 8. Rd1 d4 9. Nb1 Ne5 10. Qg3 d3 11. Bxd3 Nxd3 12. cxd3 Qd4 13. Nc3 O-O-O 14. Ne2 Qxd3 15. Qxd3 Rxd3 16. Nf4 Rd7 17. Kf1 Nf6 18. f3 Rhd8 19. Ke1 Be3 20. Ne2 Rd3 21. b3 Nh5 22. Rb1 f5 23. exf5 exf5 24. Rb2 Bb6 25. Rc2 Re8 26. Kf1 Rd6 27. d4 Red8 28. Be3 Nf6 29. Bf2 Nd5 30. a3 a5 31. Rb2 Re6 32. b4 Rde8 33. Rc1 axb4 34. axb4 Kd7 35. b5 Bc7 36. bxc6+ bxc6 37. Nc3 Bf4 38. Rcc2 Ra8 39. g3 Nxc3 40. Rxc3 Ra1+ 41. Kg2 Rg6 42. Kh2 Bc7 43. Rbc2 Rf1 44. f4 Rd1 45. Rc5 Rf6 46. Rb2 g6 47. Kg2 Re6 48. Rcc2 h6 49. h4 Ba5 50. Rb7+ Kd6 51. Ra7 Rd2 52. Rxd2 Bxd2 53. Kf3 Kd5 54. Rd7+ Kc4 55. Rd8 h5 56. Rd7 Ba5 57. Be3 Be1 58. Bf2 Bb4 59. Rd8 Rd6 60. Re8 Bc3 61. Ke2 Bxd4 62. Bxd4 Rxd4 63. Rc8 Rd6 64. Ke3 c5 65. Rc7 Kb4 66. Ke2 c4 67. Rb7+ Kc3 68. Rc7 Re6+ 69. Kf3 Kd3 70. Rd7+ Kc2 71. Rc7 c3 72. Rc8 Kd2 73. Rd8+ Kc1 74. Rc8 c2 75. Rc7 Re4 76. Rc6 Kd2 0-1

[Event "CAN-ch Universities"]
[Site "Toronto CAN"]
[Date "2026.01.18"]
[Round "4.1"]
[White "Vettese, Nicholas"]
[Black "Lai, Duc Minh"]
[Result "1-0"]
[WhiteElo "2406"]
[BlackElo "2126"]
[WhiteFideId "-1"]
[BlackFideId "-1"]
[PlyCount "71"]
[GameId "2264108791709696"]
[EventDate "2026.01.17"]
[EventType "team-swiss"]
[EventRounds "5"]
[EventCountry "CAN"]
[WhiteTeam "University of Toronto - Team A"]
[BlackTeam "University of Toronto - Team B"]

1. e4 e5 2. Nf3 Nf6 3. Nxe5 d6 4. Nf3 Nxe4 5. d4 d5 6. Bd3 Be7 7. O-O Nc6 8. c4 Nb4 9. Be2 O-O 10. Nc3 Bf5 11. Qb3 Nxc3 12. bxc3 dxc4 13. Bxc4 b5 14. Be2 Be6 15. Qb1 Nd5 16. Bd2 c6 17. Bd3 h6 18. Qc1 Qc8 19. Ne5 Bf6 20. Re1 Bf5 21. Bf1 Re8 22. a4 a6 23. c4 bxc4 24. Qxc4 Bxe5 25. dxe5 Be6 26. Qc5 Ne7 27. Ra3 Bd5 28. Rg3 Nf5 29. Rh3 Qc7 30. Qc2 Nd4 31. Qd3 c5 32. Bxh6 Be6 33. Rg3 Nf5 34. Bxg7 Nxg7 35. Qe3 Qd7 36. Qg5 1-0

[Event "CAN-ch Universities"]
[Site "Toronto CAN"]
[Date "2026.01.18"]
[Round "4.2"]
[White "Zhang, Samuel"]
[Black "Noritsyn, Sergey"]
[Result "0-1"]
[WhiteElo "2115"]
[BlackElo "2267"]
[WhiteFideId "-1"]
[BlackFideId "-1"]
[PlyCount "62"]
[GameId "2267677741760512"]
[EventDate "2026.01.17"]
[EventType "team-swiss"]
[EventRounds "5"]
[EventCountry "CAN"]
[WhiteTeam "University of Toronto - Team B"]
[BlackTeam "University of Toronto - Team A"]

1. e4 c5 2. Nf3 d6 3. d4 cxd4 4. Nxd4 Nf6 5. Nc3 a6 6. g3 e5 7. Nde2 Nbd7 8. a4 Rb8 9. Bg2 b5 10. axb5 axb5 11. O-O b4 12. Nd5 Nxd5 13. exd5 Be7 14. b3 O-O 15. h3 Nc5 16. Bb2 Qc7 17. Ra2 Ba6 18. Qd2 f5 19. Rfa1 Qb6 20. Kh2 Bb5 21. Qe1 Ne4 22. f3 Nf6 23. f4 Rfe8 24. Ra7 Bf8 25. fxe5 dxe5 26. Ng1 Bc5 27. R7a5 f4 28. g4 e4 29. Bxf6 Qxf6 30. Bf1 f3 31. Bxb5 f2 0-1

[Event "CAN-ch Universities"]
[Site "Toronto CAN"]
[Date "2026.01.18"]
[Round "4.3"]
[White "Mao, Fengxi"]
[Black "Woltery, Nicolai"]
[Result "1-0"]
[WhiteElo "2213"]
[BlackElo "2128"]
[WhiteFideId "-1"]
[BlackFideId "-1"]
[PlyCount "101"]
[GameId "2267677741768704"]
[EventDate "2026.01.17"]
[EventType "team-swiss"]
[EventRounds "5"]
[EventCountry "CAN"]
[WhiteTeam "University of Toronto - Team A"]
[BlackTeam "University of Toronto - Team B"]

1. Nf3 Nf6 2. b3 c5 3. c4 Nc6 4. Bb2 d5 5. cxd5 Nxd5 6. Nc3 e6 7. g3 Bd7 8. Bg2 Nf6 9. O-O Be7 10. d4 cxd4 11. Nxd4 O-O 12. Nxc6 Bxc6 13. Bxc6 bxc6 14. Qc2 Rc8 15. Ne4 Nxe4 16. Qxe4 Qd2 17. Qd4 Qxd4 18. Bxd4 c5 19. Be3 c4 20. bxc4 Rxc4 21. Rac1 Rxc1 22. Rxc1 a5 23. Rc7 Bb4 24. Ra7 Rb8 25. Bf4 Rc8 26. a4 h5 27. Bc7 Kh7 28. Bxa5 Bxa5 29. Rxa5 Kg6 30. h4 Rc2 31. Rg5+ Kf6 32. Rxh5 e5 33. Rh8 Rxe2 34. Rb8 e4 35. Kf1 Ra2 36. Rb4 Kf5 37. Rb5+ Ke6 38. a5 f6 39. g4 Kd6 40. Rb7 Rxa5 41. Rxg7 Ke5 42. Kg2 Kf4 43. h5 f5 44. g5 Kg4 45. h6 Ra3 46. h7 Rh3 47. g6 f4 48. Rg8 f3+ 49. Kg1 e3 50. h8=Q e2 51. Qxh3+ 1-0

[Event "CAN-ch Universities"]
[Site "Toronto CAN"]
[Date "2026.01.18"]
[Round "4.4"]
[White "England, Max"]
[Black "Chen, Max"]
[Result "1/2-1/2"]
[WhiteElo "2201"]
[BlackElo "2244"]
[WhiteFideId "-1"]
[BlackFideId "-1"]
[PlyCount "63"]
[GameId "2267677741768704"]
[EventDate "2026.01.17"]
[EventType "team-swiss"]
[EventRounds "5"]
[EventCountry "CAN"]
[WhiteTeam "University of Toronto - Team B"]
[BlackTeam "University of Toronto - Team A"]

1. Nf3 c5 2. g3 Nc6 3. Bg2 g6 4. c4 Bg7 5. Nc3 e5 6. a3 Nge7 7. d3 O-O 8. O-O d6 9. Rb1 a5 10. Bg5 Be6 11. Bxe7 Qxe7 12. Ne1 Qd7 13. Nc2 Bh3 14. Nd5 Bxg2 15. Kxg2 Ne7 16. Nce3 b5 17. f3 Rfb8 18. cxb5 Rxb5 19. Qa4 Rab8 20. Nc3 R5b7 21. Qxd7 Rxd7 22. Ncd5 Nxd5 23. Nxd5 Rb3 24. Rfc1 Rdb7 25. Rc4 Rxb2 26. Rxb2 Rxb2 27. Kf2 Bh6 28. Ra4 Bd2 29. Nf6+ Kf8 30. Ne4 Ke7 31. Nxd2 Rxd2 32. Rxa5 1/2-1/2

[Event "CAN-ch Universities"]
[Site "Toronto CAN"]
[Date "2026.01.18"]
[Round "4.5"]
[White "Huang, Youhe"]
[Black "Demchenko, Svitlana"]
[Result "1-0"]
[WhiteElo "2079"]
[BlackElo "2157"]
[WhiteFideId "-1"]
[BlackFideId "-1"]
[PlyCount "71"]
[GameId "2267677741801472"]
[EventDate "2026.01.17"]
[EventType "team-swiss"]
[EventRounds "5"]
[EventCountry "CAN"]
[WhiteTeam "University of Waterloo - Team A"]
[BlackTeam "University of Ottawa - Team A"]

1. d4 Nf6 2. c4 e6 3. g3 d5 4. Bg2 Be7 5. Nf3 O-O 6. O-O b6 7. Qc2 c5 8. cxd5 exd5 9. Be3 Na6 10. Nc3 Nb4 11. Qd2 Bf5 12. Rfc1 Rc8 13. Ne5 Be6 14. Rd1 c4 15. Bf4 Nh5 16. a3 Na6 17. e4 Nxf4 18. gxf4 f6 19. Nc6 Rxc6 20. exd5 Rd6 21. dxe6 Nc5 22. Qe2 Nd3 23. d5 Nxf4 24. Qxc4 Nxg2 25. Kxg2 f5 26. Nb5 Rf6 27. Rac1 Rg6+ 28. Kf1 Rgxe6 29. Nxd6 Rxd6 30. Qc8 Kf7 31. Qxf5+ Rf6 32. Qe6+ Kg6 33. Qg4+ Kf7 34. Rc6 Bd6 35. Rc8 Qe7 36. Re1 1-0

[Event "CAN-ch Universities"]
[Site "Toronto CAN"]
[Date "2026.01.18"]
[Round "4.6"]
[White "Rousskikh, Maxim"]
[Black "Lalonde, Olivier"]
[Result "1-0"]
[WhiteElo "1985"]
[BlackElo "2081"]
[WhiteFideId "-1"]
[BlackFideId "-1"]
[PlyCount "41"]
[GameId "2267677741809664"]
[EventDate "2026.01.17"]
[EventType "team-swiss"]
[EventRounds "5"]
[EventCountry "CAN"]
[WhiteTeam "University of Ottawa - Team A"]
[BlackTeam "University of Waterloo - Team A"]

1. d4 Nf6 2. Bg5 e6 3. e4 h6 4. Bxf6 Qxf6 5. Nc3 a6 6. Qd2 b5 7. Nf3 Bb7 8. Bd3 b4 9. Ne2 c5 10. c3 d5 11. Ng3 h5 12. h4 Qh6 13. Qe2 bxc3 14. bxc3 cxd4 15. Rb1 Ra7 16. exd5 dxc3 17. O-O Be7 18. Ng5 Nd7 19. dxe6 fxe6 20. Nxe6 Qd2 21. Bg6# 1-0

[Event "CAN-ch Universities"]
[Site "Toronto CAN"]
[Date "2026.01.18"]
[Round "4.7"]
[White "Huang, Patrick"]
[Black "Lattafi, Youcef"]
[Result "0-1"]
[WhiteElo "2026"]
[BlackElo "1935"]
[WhiteFideId "-1"]
[BlackFideId "-1"]
[PlyCount "84"]
[GameId "2267677741821952"]
[EventDate "2026.01.17"]
[EventType "team-swiss"]
[EventRounds "5"]
[EventCountry "CAN"]
[WhiteTeam "University of Waterloo - Team A"]
[BlackTeam "University of Ottawa - Team A"]

1. d4 d5 2. Bf4 Nf6 3. e3 e6 4. Nf3 c5 5. c3 Nc6 6. Nbd2 cxd4 7. exd4 Nh5 8. Be3 Bd6 9. g3 Nf6 10. Bg2 Ng4 11. O-O O-O 12. c4 Ne7 13. c5 Bc7 14. b4 Bd7 15. a4 f5 16. Bg5 h6 17. Bxe7 Qxe7 18. Qe2 Nf6 19. Ne5 Be8 20. f4 b6 21. Nb3 g5 22. b5 Kg7 23. a5 Bh5 24. Qe3 Ne4 25. axb6 axb6 26. cxb6 Bxb6 27. Bxe4 dxe4 28. Nc5 gxf4 29. gxf4 Kh7 30. Kh1 Bc7 31. Ncd7 Rg8 32. Rac1 Bd6 33. b6 Ra2 34. Rf2 Bxe5 35. Nxe5 Rxf2 36. Qxf2 e3 37. Qxe3 Qb7+ 38. Rc6 Be8 39. d5 Bxc6 40. dxc6 Qa6 41. Nf3 Qf1+ 42. Ng1 Qg2# 0-1

[Event "CAN-ch Universities"]
[Site "Toronto CAN"]
[Date "2026.01.18"]
[Round "4.8"]
[White "Byl, Oliver"]
[Black "Zhu, Matthew"]
[Result "0-1"]
[WhiteElo "1735"]
[BlackElo "2001"]
[WhiteFideId "-1"]
[BlackFideId "-1"]
[PlyCount "164"]
[GameId "2267677741842432"]
[EventDate "2026.01.17"]
[EventType "team-swiss"]
[EventRounds "5"]
[EventCountry "CAN"]
[WhiteTeam "University of Ottawa - Team A"]
[BlackTeam "University of Waterloo - Team A"]

1. Nf3 Nf6 2. g3 g6 3. Bg2 Bg7 4. d4 d5 5. O-O O-O 6. c4 c6 7. cxd5 cxd5 8. Nc3 Ne4 9. Ng5 Nxc3 10. bxc3 h6 11. Nf3 Nc6 12. Qa4 Qa5 13. Qxa5 Nxa5 14. Ne5 Rd8 15. Rb1 b6 16. Ba3 e6 17. Be7 Re8 18. Bb4 Bxe5 19. Bxa5 Bg7 20. Bb4 Ba6 21. Rfe1 Rac8 22. e4 Bd3 23. Rbc1 a5 24. Bd6 Red8 25. Bf4 g5 26. Bd2 dxe4 27. Bxe4 Bxe4 28. Rxe4 e5 29. Rb1 exd4 30. cxd4 Rxd4 31. Re2 Rd6 32. Be3 Rcc6 33. Rb5 Bf6 34. Kg2 Kg7 35. Re1 Kg6 36. Reb1 Bd8 37. R1b2 f5 38. Kg1 Bc7 39. Kg2 Rf6 40. Bd4 Rfe6 41. Kf1 g4 42. Be3 h5 43. Kg2 Kf6 44. Bd4+ Kg6 45. Be3 h4 46. Rb1 h3+ 47. Kf1 Kf6 48. Bd4+ Kg6 49. Be3 Rc2 50. R5b2 Rxb2 51. Rxb2 Rc6 52. Ke2 Kf6 53. Kd1 Ke6 54. Ke2 Kf6 55. Kd1 Re6 56. Kd2 Kf7 57. Rb5 Kg6 58. Rd5 Rd6 59. Rxd6+ Bxd6 60. Bxb6 f4 61. Kd3 fxg3 62. fxg3 Bxg3 63. Bg1 Bc7 64. Ke4 g3 65. hxg3 Bxg3 66. Kf3 h2 67. Bxh2 Bxh2 68. Ke4 Kf6 69. Kd5 Bg3 70. Kc4 Ke5 71. Kc5 Be1 72. Kc4 Ke4 73. Kb3 Kd3 74. Kb2 Kc4 75. Kc2 Bc3 76. Kc1 Kb4 77. Kc2 Bh8 78. Kc1 Ka3 79. Kb1 Bg7 80. Kc2 Kxa2 81. Kc1 a4 82. Kc2 Bb2 0-1

[Event "CAN-ch Universities"]
[Site "Toronto CAN"]
[Date "2026.01.18"]
[Round "5.1"]
[White "Demchenko, Svitlana"]
[Black "Vettese, Nicholas"]
[Result "1/2-1/2"]
[WhiteElo "2157"]
[BlackElo "2406"]
[WhiteFideId "-1"]
[BlackFideId "-1"]
[PlyCount "226"]
[GameId "2264108938596352"]
[EventDate "2026.01.17"]
[EventType "team-swiss"]
[EventRounds "5"]
[EventCountry "CAN"]
[WhiteTeam "University of Ottawa - Team A"]
[BlackTeam "University of Toronto - Team A"]

1. d4 Nf6 2. Nf3 g6 3. Nc3 Bg7 4. e4 d6 5. Bd3 O-O 6. O-O Nc6 7. h3 e5 8. Be3 Nh5 9. Bg5 Qd7 10. dxe5 h6 11. Be3 dxe5 12. Bb5 Qe7 13. Qd2 Nd4 14. Nxd4 exd4 15. Bxd4 Rd8 16. Bc5 Rxd2 17. Bxe7 Rxc2 18. Rab1 Be6 19. Ba4 Rd2 20. Rfd1 Rxd1+ 21. Rxd1 Bxc3 22. bxc3 Bxa2 23. g3 Ng7 24. f4 Bc4 25. Bc2 a5 26. Rd7 a4 27. Ba3 b5 28. Kf2 c5 29. Ke3 Rc8 30. Bd3 Be6 31. Rb7 b4 32. cxb4 c4 33. Bc2 c3 34. Ra7 Bb3 35. Bd3 c2 36. b5 Rb8 37. Rc7 Ne6 38. Rc3 Rd8 39. Bxc2 Bxc2 40. Rxc2 Rb8 41. Rb2 f5 42. b6 Kf7 43. e5 Ke8 44. Kd3 Kd7 45. Bd6 Rb7 46. Kc4 Kc6 47. Rb1 Rxb6 48. Ra1 Ra6 49. Kb4 Nd4 50. Rd1 a3 51. Kc4 a2 52. Kxd4 a1=Q+ 53. Rxa1 Rxa1 54. Bf8 Ra4+ 55. Ke3 h5 56. Kf3 Kd5 57. g4 fxg4+ 58. hxg4 Ra8 59. Be7 Ke6 60. gxh5 gxh5 61. Bg5 Ra3+ 62. Ke4 Ra4+ 63. Kf3 Kf5 64. Kg3 Ra1 65. Kh4 Rh1+ 66. Kg3 Re1 67. Kh4 Kg6 68. Kg3 Re3+ 69. Kh4 Re2 70. Kg3 Re1 71. Kh4 Re4 72. Kg3 Kf5 73. Kh4 Re3 74. Kxh5 Rh3+ 75. Bh4 Rh1 76. e6 Kxe6 77. Kg4 Rg1+ 78. Bg3 Kf6 79. f5 Rg2 80. Kf4 Ra2 81. Bh4+ Kf7 82. Kg5 Ra4 83. Kh5 Rc4 84. Kg5 Ke7 85. Kh5+ Kd6 86. Bg5 Ke5 87. Kg6 Rc2 88. Bf6+ Ke4 89. Bg5 Rf2 90. f6 Ke5 91. Kg7 Ke6 92. Kg6 Rg2 93. Kh6 Kf7 94. Bh4 Rg8 95. Kh5 Ke6 96. Bg5 Kf5 97. Kh6 Ra8 98. Kg7 Ra7+ 99. Kh6 Rb7 100. Bh4 Rb8 101. Kg7 Ke6 102. Bg5 Rb4 103. Kg6 Rb1 104. Kg7 Rg1 105. Kg6 Rg2 106. Kh6 Kf7 107. Bh4 Rg8 108. Kh5 Rh8+ 109. Kg5 Ke6 110. Kg4 Ke5 111. Bg5 Rg8 112. Kh5 Kf5 113. Kh6 Ke6 1/2-1/2

[Event "CAN-ch Universities"]
[Site "Toronto CAN"]
[Date "2026.01.18"]
[Round "5.2"]
[White "Noritsyn, Sergey"]
[Black "Rousskikh, Maxim"]
[Result "1-0"]
[WhiteElo "2267"]
[BlackElo "1985"]
[WhiteFideId "-1"]
[BlackFideId "-1"]
[PlyCount "61"]
[GameId "2267752589225984"]
[EventDate "2026.01.17"]
[EventType "team-swiss"]
[EventRounds "5"]
[EventCountry "CAN"]
[WhiteTeam "University of Toronto - Team A"]
[BlackTeam "University of Ottawa - Team A"]

1. e4 c6 2. d4 d5 3. f3 e6 4. Nc3 Qb6 5. Nge2 Nf6 6. b3 dxe4 7. Nxe4 Nxe4 8. fxe4 e5 9. Be3 Bg4 10. Qd3 Nd7 11. h3 Bxe2 12. Bxe2 exd4 13. Bxd4 Qa5+ 14. c3 Ne5 15. Qe3 Bd6 16. b4 Qc7 17. Bxa7 O-O 18. O-O Ng6 19. Bd4 Ra3 20. Bc4 Bxb4 21. Rf5 c5 22. Bxc5 Rxc3 23. Qd4 Nh4 24. Rxf7 Rxf7 25. Bxf7+ Kxf7 26. Qd5+ Kf6 27. Bd4+ Ke7 28. Qg5+ Ke8 29. Qxh4 Rd3 30. Qh5+ g6 31. Qb5+ 1-0

[Event "CAN-ch Universities"]
[Site "Toronto CAN"]
[Date "2026.01.18"]
[Round "5.3"]
[White "Lattafi, Youcef"]
[Black "Mao, Fengxi"]
[Result "1-0"]
[WhiteElo "1935"]
[BlackElo "2213"]
[WhiteFideId "-1"]
[BlackFideId "-1"]
[PlyCount "105"]
[GameId "2267752589238272"]
[EventDate "2026.01.17"]
[EventType "team-swiss"]
[EventRounds "5"]
[EventCountry "CAN"]
[WhiteTeam "University of Ottawa - Team A"]
[BlackTeam "University of Toronto - Team A"]

1. e4 c5 2. Nf3 Nc6 3. d4 cxd4 4. Nxd4 g6 5. Nc3 Bg7 6. Nb3 Nf6 7. Be3 O-O 8. Qd2 d6 9. f3 Be6 10. O-O-O Qc7 11. Kb1 Ne5 12. Nb5 Qb8 13. N5d4 Nc4 14. Bxc4 Bxc4 15. g4 e5 16. Ne2 d5 17. g5 d4 18. gxf6 dxe3 19. Qxe3 Bxf6 20. Nc5 Re8 21. b3 Bxe2 22. Qxe2 Qc7 23. Nd3 Be7 24. Nf2 Ba3 25. Rd3 Re6 26. Rhd1 a5 27. Qd2 a4 28. Ng4 axb3 29. cxb3 Qa5 30. Qxa5 Rxa5 31. Rd5 b6 32. Ne3 Rf6 33. Nc4 Rxd5 34. exd5 Bd6 35. Nxb6 Rxf3 36. Nc4 Rf6 37. a4 e4 38. a5 Kf8 39. Kc2 Ke7 40. Re1 Rf2+ 41. Kc3 f5 42. Nxd6 Kxd6 43. Ra1 e3 44. a6 e2 45. Kd2 Rxh2 46. Re1 Kc7 47. d6+ Kxd6 48. a7 Rh3 49. a8=Q Rxb3 50. Qa6+ Ke7 51. Rxe2+ Kf8 52. Qf6+ Kg8 53. Re8# 1-0